[Event "Bamberg-Open 2019"]
[Site "Bamberg"]
[Date "2019.05.29"]
[Round "1.18"]
[White "Mittag, Ralf"]
[Black "Syed, Tareq"]
[Result "0-1"]
[WhiteElo "2203"]
[BlackElo "2001"]
[Annotator "ChessBase"]
[PlyCount "162"]
[EventDate "2019.05.12"]
[EventType "swiss"]
[EventCountry "GER"]
[SourceTitle "playchess.com"]
[Source "ChessBase"]
[SourceQuality "1"]
[TimeControl "40/5400+30:900+30"]

1. c4 {[%emt 0:00:00]} Nf6 {[%emt 0:00:00]} 2. Nc3 {[%emt 0:00:03]} d6 {[%emt 0:00:00]} 3. g3 {[%emt 0:00:32]} e5 {[%emt 0:00:00]} 4. Bg2 {[%emt 0:00:07]} Be7 {[%emt 0:00:42]} 5. Nf3 {[%emt 0:02:18]} c6 {[%emt 0:01:59]} 6. O-O {[%emt 0:01:09]} O-O {[%emt 0:00:06]} 7. Rb1 {[%emt 0:00:50]} Be6 {[%emt 0:00:27]} 8. d3 {[%emt 0:00:11]} h6 {[%emt 0:00:14]} 9. h3 {[%emt 0:01:24]} Nbd7 {[%emt 0:02:25]} 10. b3 {[%emt 0:10:08]} d5 {[%emt 0:09:04]} 11. Qc2 {[%emt 0:03:35]} d4 {[%emt 0:04:55]} 12. Na4 {[%emt 0:08:43]} Rc8 {[%emt 0:02:31]} 13. e3 {[%emt 0:09:07]} b5 {[%emt 0:02:38]} 14. Nb2 {[%emt 0:01:58]} Qb6 {[%emt 0:04:13]} 15. exd4 {[%emt 0:04:20]} exd4 {[%emt 0:02:52]} 16. a4 {[%emt 0:04:12]} a6 {[%emt 0:02:49]} 17. Bd2 {[%emt 0:02:36]} c5 {[%emt 0:08:33]} 18. axb5 {[%emt 0:04:23]} axb5 {[%emt 0:00:09]} 19. Ra1 {[%emt 0:00:57]} b4 {[%emt 0:05:13]} 20. Ra2 Bd6 {[%emt 0:02:18]} 21. Rfa1 {[%emt 0:04:44]} Bb8 {[%emt 0:01:09]} 22. Ra6 {[%emt 0:02:15]} Qd8 {[%emt 0:00:47]} 23. Nh4 {[%emt 0:03:51]} g5 {[%emt 0:10:54]} 24. Nf3 {[%emt 0:00:35]} Ne8 {[%emt 0:07:21]} 25. h4 {[%emt 0:03:16]} Nc7 {[%emt 0:04:30]} 26. Rc6 {[%emt 0:03:52]} f6 {[%emt 0:02:28]} 27. Re1 {[%emt 0:02:04]} Bf5 {[%emt 0:02:20]} 28. hxg5 {[%emt 0:00:49]} hxg5 {[%emt 0:00:19]} 29. Qd1 {[%emt 0:06:58]} Re8 {[%emt 0:03:55]} 30. Nh2 {[%emt 0:03:11]} Rxe1+ {[%emt 0:10:52]} 31. Bxe1 {[%emt 0:00:28]} Qe7 {[%emt 0:02:36]} 32. Bd2 {[%emt 0:07:13]} Re8 {[%emt 0:01:44]} 33. Qf3 {[%emt 0:04:37]} Bh7 {[%emt 0:03:26]} 34. Ng4 {[%emt 0:01:39]} Kg7 {[%emt 0:00:34]} 35. Qd1 {[%emt 0:02:58]} Qe2 {[%emt 0:00:26]} 36. Bf3 {[%emt 0:00:36]} Qxd1+ {[%emt 0:00:44]} 37. Bxd1 {[%emt 0:00:01]} Re6 {[%emt 0:00:35]} 38. Bf3 {[%emt 0:01:05]} Rxc6 {[%emt 0:00:57]} 39. Bxc6 {[%emt 0:00:02]} Nb6 {[%emt 0:00:42]} 40. Kf1 {[%emt 0:00:55]} Bf5 {[%emt 0:01:17]} 41. Nh2 {[%emt 0:15:48]} Ne6 {[%emt 0:16:12]} 42. Ke2 {[%emt 0:01:14]} Nd8 {[%emt 0:00:00]} 43. Bg2 {[%emt 0:00:00]} Nf7 {[%emt 0:00:00]} 44. f4 {[%emt 0:00:00]} gxf4 {[%emt 0:00:00]} 45. gxf4 {[%emt 0:00:00]} Nd8 {[%emt 0:00:00]} 46. Kf3 {[%emt 0:00:00]} Bd7 {[%emt 0:00:00]} 47. Kg3 {[%emt 0:00:00]} Bc6 {[%emt 0:00:00]} 48. Bh3 {[%emt 0:00:00]} Nb7 {[%emt 0:00:00]} 49. Bg4 {[%emt 0:00:00]} Na5 {[%emt 0:00:00]} 50. Bd1 {[%emt 0:00:00]} Kf7 {[%emt 0:00:00]} 51. Ng4 {[%emt 0:00:00]} Bd6 {[%emt 0:00:00]} 52. Nf2 {[%emt 0:00:00]} f5 {[%emt 0:00:00]} 53. Nh3 {[%emt 0:00:00]} Na8 {[%emt 0:00:00]} 54. Ng5+ {[%emt 0:00:00]} Kf6 {[%emt 0:00:00]} 55. Bc2 {[%emt 0:00:34]} Nc7 {[%emt 0:00:00]} 56. Nd1 {[%emt 0:01:20]} Ne8 {[%emt 0:00:00]} 57. Nf2 {[%emt 0:00:21]} Ng7 {[%emt 0:00:00]} 58. Kh4 {[%emt 0:01:03]} Ne6 {[%emt 0:00:26]} 59. Nxe6 {[%emt 0:00:23]} Kxe6 {[%emt 0:00:02]} 60. Bd1 {[%emt 0:00:50]} Bg2 {[%emt 0:01:07]} 61. Kg3 {[%emt 0:00:25]} Bc6 {[%emt 0:00:23]} 62. Nh3 {[%emt 0:00:12]} Bc7 {[%emt 0:00:46]} 63. Ng5+ {[%emt 0:00:14]} Kf6 {[%emt 0:00:10]} 64. Be1 {[%emt 0:00:35]} Bd6 {[%emt 0:00:34]} 65. Nh3 {[%emt 0:00:24]} Kg6 {[%emt 0:00:31]} 66. Kh2 {[%emt 0:00:46]} Be7 {[%emt 0:00:44]} 67. Ng1 {[%emt 0:01:03]} Bd6 {[%emt 0:00:32]} 68. Bg3 {[%emt 0:01:07]} Bc7 {[%emt 0:00:24]} 69. Nh3 {[%emt 0:00:18]} Bd6 {[%emt 0:01:25]} 70. Bh4 {[%emt 0:00:13]} Kf7 {[%emt 0:01:54]} 71. Kg3 {[%emt 0:00:19]} Ke8 {[%emt 0:01:14]} 72. Bf6 {[%emt 0:01:20]} Kf7 {[%emt 0:02:25]} 73. Bh8 {[%emt 0:01:18]} Kg8 {[%emt 0:01:37]} 74. Be5 {[%emt 0:00:10]} Be7 {[%emt 0:00:17]} 75. Ng5 {[%emt 0:00:23]} Bd7 {[%emt 0:00:49]} 76. Bc7 {[%emt 0:00:10]} Nc6 {[%emt 0:00:48]} 77. Bf3 {[%emt 0:00:17]} Nd8 {[%emt 0:00:16]} 78. Bd5+ {[%emt 0:00:12]} Kf8 {[%emt 0:00:51]} 79. Kh4 {[%emt 0:02:46]} Ba4 {[%emt 0:00:18]} 80. Bxd8 {[%emt 0:00:26]} Bxd8 {[%emt 0:00:11]} 81. Kh5 {[%emt 0:00:45]} Bxg5 {[%emt 0:00:58]} 0-1

[Event "Bamberg-Open 2019"]
[Site "Bamberg"]
[Date "2019.05.29"]
[Round "1.19"]
[White "Bunk, Wolfgang"]
[Black "Tscharotschkin, Michael"]
[Result "1/2-1/2"]
[WhiteElo "1995"]
[BlackElo "2182"]
[Annotator "TA"]
[PlyCount "95"]
[EventDate "2019.05.12"]
[EventType "swiss"]
[EventCountry "GER"]
[SourceTitle "playchess.com"]
[Source "ChessBase"]
[SourceQuality "1"]

{[%evp 9,95,31,37,27,39,27,30,11,31,8,15,-4,-1,-23,-19,-91,-105,-108,-97,-182,-191,-210,-206,-228,-223,-306,-306,-474,-479,-518,-497,-512,-464,-649,-45,-14,-27,-53,0,0,0,0,0,0,0,0,0,0,50,41,69,61,49,50,52,31,66,44,39,47,47,37,40,32,87,90,88,86,94,13,31,8,71,28,24,14,29,32,23,25,139,133,125,0,18,0,98,0]} 1. d4 d5 2. Nf3 c6 3. e3 e6 4. Bd3 f5 (4... Bd6 5. O-O f5 6. b3 Qe7 7. Bb2 Nf6 8. Qc1 Nbd7 9. Ba3 Ne4 10. Bxd6 Qxd6 11. c4 b6 12. Nc3 {½-½ (49) Kacheishvili,G (2585)-Sengupta,D (2530) Caleta 2011}) 5. b3 Nf6 6. Bb2 {D02: 1 d4 d5 2 Nf3 sidelines, including 2...Nf6 3 g3 and 2...Nf6 3 Bf4} Bd6 7. Nbd2 O-O 8. Ne5 {White has an edge.} Bd7 9. h3 Ne4 10. a3 Be8 11. Qe2 Nd7 12. O-O-O $146 (12. Nxd7 $11 Qxd7 13. c4) ({Predecessor:} 12. Nxd7 Qxd7 {½-½ (41) Shulga,J (2278)-Ermolkevich,A (2097) Alushta 2009}) 12... Qe7 $17 13. Nb1 Rc8 14. Rdg1 {[#]} (14. g4 $17 {might work better.}) 14... c5 $1 $19 15. Nxd7 Bxd7 16. Bxe4 fxe4 17. dxc5 Rxc5 ({Not} 17... Bxc5 18. h4 $17) 18. a4 (18. Rd1 {keeps fighting.}) 18... Rfc8 19. Bd4 R5c7 20. f4 {[#]} b5 $1 {[%mdl 512]} 21. axb5 {[#]} Ba3+ $2 (21... Bxb5 $1 $19 {[%mdl 512]} 22. Qxb5 Rxc2+ 23. Kd1 Bb4) 22. Nxa3 $15 Qxa3+ 23. Kb1 $1 Qb4 (23... Rb7 $15 24. Bb2 (24. Qg4 e5 $17) 24... Bxb5 25. Qxb5 Qxb2+ 26. Kxb2 Rxb5) 24. Rc1 $11 ({Wrong is} 24. Qg4 $2 e5 $19) 24... Bxb5 25. Qe1 Qa3 {Hoping for ...Bd3!} 26. Bb2 $36 {[%mdl 2048] White has good play.} Qa6 {Strongly threatening ...Rxc2!} 27. Qb4 Rb7 28. Qd4 Qa5 {[#] With the idea ...Rc6.} 29. f5 $1 {[%mdl 512]} Qa6 (29... exf5 30. Qxd5+) 30. Qe5 exf5 31. Qxd5+ Rf7 32. g4 Qc6 33. Qxc6 Bxc6 34. gxf5 Rxf5 35. Bd4 a5 36. Kb2 a4 (36... g5 $14) 37. b4 $16 Bb5 38. Bc5 Rf2 39. Kc3 (39. Ka3 $16) 39... g6 40. h4 Re2 (40... Ra8 $11) 41. Rce1 Rf2 42. Reg1 a3 43. Ra1 Ra8 44. Ra2 Re2 (44... Rf6 $11 {remains equal.}) 45. Rha1 Ba4 46. Rc1 (46. Rxa3 $16 Rxc2+ 47. Kd4 Rd8+ 48. Ke5) 46... Bb5 47. Rca1 (47. Rb1 $11) 47... Ba4 $1 48. Rc1 {Accuracy: White = 37%, Black = 53%.} ({White should play} 48. Rxa3 $16 Rxc2+ 49. Kd4 Rd2+ 50. Kxe4 Bc6+ 51. Kf4) 1/2-1/2

[Event "Bamberg-Open 2019"]
[Site "Bamberg"]
[Date "2019.05.29"]
[Round "1.20"]
[White "Chennaoui, Yasin"]
[Black "Grimm, Pascal"]
[Result "1-0"]
[WhiteElo "2184"]
[BlackElo "1880"]
[Annotator "ChessBase"]
[PlyCount "51"]
[EventDate "2019.05.12"]
[EventType "swiss"]
[EventCountry "GER"]
[SourceTitle "playchess.com"]
[Source "ChessBase"]
[SourceQuality "1"]
[TimeControl "40/5400+30:900+30"]

1. c4 {[%emt 0:00:00]} g6 {[%emt 0:00:43]} 2. g3 {[%emt 0:00:00]} Bg7 {[%emt 0:00:02]} 3. Bg2 {[%emt 0:00:00]} d6 {[%emt 0:00:06]} 4. Nc3 {[%emt 0:00:00]} e5 {[%emt 0:00:30]} 5. d3 {[%emt 0:02:21]} f5 {[%emt 0:00:15]} 6. e3 {[%emt 0:01:44]} Nf6 {[%emt 0:00:20]} 7. Nge2 {[%emt 0:00:07]} O-O {[%emt 0:00:56]} 8. O-O {[%emt 0:00:45]} Nc6 {[%emt 0:00:57]} 9. a3 {[%emt 0:00:09]} Be6 {[%emt 0:02:29]} 10. Nd5 {[%emt 0:05:22]} Qd7 {[%emt 0:01:33]} 11. Nec3 {[%emt 0:02:54]} Nd8 {[%emt 0:01:03]} 12. d4 {[%emt 0:05:26]} Bxd5 {[%emt 0:21:25]} 13. Nxd5 {[%emt 0:11:03]} Nxd5 {[%emt 0:02:53]} 14. cxd5 {[%emt 0:03:11]} g5 {[%emt 0:15:39]} 15. dxe5 {[%emt 0:08:49]} dxe5 {[%emt 0:03:18]} 16. Qh5 {[%emt 0:07:03]} Bf6 {[%emt 0:18:02]} 17. e4 {[%emt 0:05:33]} f4 {[%emt 0:01:20]} 18. h4 {[%emt 0:02:00]} Qf7 {[%emt 0:01:24]} 19. Qe2 {[%emt 0:18:58]} Be7 {[%emt 0:03:37]} 20. Bh3 {[%emt 0:02:16]} f3 {[%emt 0:05:14]} 21. Qe3 {[%emt 0:01:19]} gxh4 {[%emt 0:03:15]} 22. Bf5 {[%emt 0:01:01]} Kh8 {[%emt 0:04:18]} 23. Qxf3 {[%emt 0:01:24]} hxg3 {[%emt 0:06:02]} 24. fxg3 {[%emt 0:00:18]} Qg7 {[%emt 0:00:37]} 25. Kg2 {[%emt 0:01:04]} Bg5 {[%emt 0:05:23]} 26. Rh1 {[%emt 0:00:44]} 1-0

[Event "Bamberg-Open 2019"]
[Site "Bamberg"]
[Date "2019.05.29"]
[Round "1.21"]
[White "Schreiter, Thomas"]
[Black "Syperek, Sebastian"]
[Result "1-0"]
[WhiteElo "1982"]
[BlackElo "2184"]
[Annotator "ChessBase"]
[PlyCount "77"]
[EventDate "2019.05.12"]
[EventType "swiss"]
[EventCountry "GER"]
[SourceTitle "playchess.com"]
[Source "ChessBase"]
[SourceQuality "1"]
[TimeControl "40/5400+30:900+30"]

1. d4 {[%emt 0:00:00]} g6 {[%emt 0:00:00]} 2. g3 {[%emt 0:00:07]} Bg7 {[%emt 0:00:07]} 3. Bg2 {[%emt 0:00:12]} f5 {[%emt 0:00:18]} 4. Nf3 {[%emt 0:01:03]} Nf6 {[%emt 0:00:13]} 5. O-O {[%emt 0:00:19]} O-O {[%emt 0:00:17]} 6. c4 {[%emt 0:01:01]} d6 {[%emt 0:00:39]} 7. b3 {[%emt 0:02:40]} c6 {[%emt 0:00:43]} 8. Bb2 {[%emt 0:00:12]} Na6 {[%emt 0:00:58]} 9. Nc3 {[%emt 0:03:07]} Qe8 {[%emt 0:00:22]} 10. Re1 {[%emt 0:06:00]} h6 {[%emt 0:03:16]} 11. a3 {[%emt 0:09:51]} e5 {[%emt 0:05:41]} 12. dxe5 {[%emt 0:06:29]} dxe5 {[%emt 0:00:19]} 13. e4 {[%emt 0:00:20]} f4 {[%emt 0:00:58]} 14. Qd6 {[%emt 0:02:22]} Nd7 {[%emt 0:09:25]} 15. b4 {[%emt 0:09:15]} Rf6 {[%emt 0:01:15]} 16. Qd3 {[%emt 0:01:41]} Nc7 {[%emt 0:03:08]} 17. Ne2 {[%emt 0:06:30]} g5 {[%emt 0:02:07]} 18. gxf4 {[%emt 0:04:49]} gxf4 {[%emt 0:01:57]} 19. Kh1 {[%emt 0:00:11]} Qh5 {[%emt 0:04:45]} 20. Rad1 {[%emt 0:07:02]} Rg6 {[%emt 0:02:16]} 21. Rg1 {[%emt 0:01:25]} Nf8 {[%emt 0:02:34]} 22. Nd2 {[%emt 0:03:30]} Bg4 {[%emt 0:05:00]} 23. Bf3 {[%emt 0:00:47]} Qh3 {[%emt 0:05:00]} 24. Qc3 {[%emt 0:06:33]} Qh4 {[%emt 0:09:27]} 25. Rxg4 {[%emt 0:01:19]} Rxg4 {[%emt 0:00:37]} 26. Bxg4 {[%emt 0:00:08]} Qxg4 {[%emt 0:00:20]} 27. Rg1 {[%emt 0:05:38]} Qh5 {[%emt 0:06:47]} 28. Nxf4 {[%emt 0:04:14]} Qf7 {[%emt 0:00:12]} 29. Qxe5 {[%emt 0:00:13]} Nce6 {[%emt 0:00:46]} 30. Nxe6 {[%emt 0:02:35]} Nxe6 {[%emt 0:00:09]} 31. f4 {[%emt 0:02:41]} Kh8 {[%emt 0:00:34]} 32. Qf5 {[%emt 0:01:22]} Qxf5 {[%emt 0:00:44]} 33. exf5 {[%emt 0:00:04]} Bxb2 {[%emt 0:00:31]} 34. fxe6 {[%emt 0:00:09]} Bxa3 {[%emt 0:00:28]} 35. f5 {[%emt 0:01:17]} Bxb4 {[%emt 0:00:14]} 36. Ne4 {[%emt 0:00:04]} Rf8 {[%emt 0:00:34]} 37. f6 {[%emt 0:00:18]} Re8 {[%emt 0:00:19]} 38. f7 {[%emt 0:02:19]} Rxe6 {[%emt 0:00:10]} 39. c5 {[%emt 0:00:01]} 1-0

[Event "Bamberg-Open 2019"]
[Site "Bamberg"]
[Date "2019.05.29"]
[Round "1.22"]
[White "Spitzl, Bertram"]
[Black "Hoekstra, Peter"]
[Result "0-1"]
[WhiteElo "2176"]
[BlackElo "1979"]
[Annotator "TA"]
[PlyCount "64"]
[EventDate "2019.05.12"]
[EventType "swiss"]
[EventCountry "GER"]
[SourceTitle "playchess.com"]
[Source "ChessBase"]
[SourceQuality "1"]

{[%evp 12,64,26,11,17,-18,-9,-37,-21,-40,-28,-28,-20,-31,-18,-94,-80,-106,-99,-85,-65,-58,-60,-62,-47,-45,-34,-48,-8,-10,-10,-20,7,14,15,0,90,72,57,71,215,215,207,216,206,179,204,33,52,5,5,5,7,7,8]} 1. Nf3 g6 2. g3 Bg7 3. d4 Nf6 4. Bg2 d6 5. O-O O-O 6. Re1 c5 7. c3 cxd4 {A49: 1 d4 Nf6 2 Nf3 g6 3 g3: Anti-King's Indian systems} (7... Nc6 8. d5 Na5 9. e4 Bg4 10. Nbd2 Nd7 11. h3 Bxf3 12. Nxf3 b5 13. Bf4 b4 14. cxb4 cxb4 15. e5 Nc4 16. exd6 exd6 {1-0 (52) Iturrizaga Bonelli,E (2603)-Perez Mitjans,O (2452) Sabadell 2011}) 8. Nxd4 d5 9. a4 $146 ({Predecessor:} 9. Bg5 h6 10. Bxf6 Bxf6 11. Qd2 Kh7 12. h4 Nc6 13. Na3 e5 14. Nxc6 bxc6 15. Rad1 {0-1 (31) Dias,J (1889)-Pinto,R (2207) Sao Paulo 2016}) 9... Nc6 {Black is slightly better.} 10. Nxc6 bxc6 11. Nd2 e5 12. a5 Rb8 13. Nf3 (13. b4 $11) 13... Re8 14. Qa4 Bd7 15. Qa2 Bf5 16. Be3 Qe7 17. b4 Ne4 18. Rac1 Be6 {...d4! is the strong threat.} 19. Qc2 h6 20. Nd2 Nd6 21. Bc5 Qd7 22. e4 f5 23. Rcd1 Nb5 (23... Kh7 $11 {keeps the balance.}) 24. exd5 (24. c4 {with more complications.} Nd6 25. cxd5 cxd5 26. exd5 Bf7 27. Nc4) 24... cxd5 25. c4 Nd4 {[#]} (25... dxc4 $16 26. Nxc4 Qc7) 26. Bxd4 $1 $18 exd4 {[#]} 27. Rxe6 $1 {[%mdl 512]} Rxe6 (27... Qxe6 28. Bxd5) 28. Bxd5 {And now Nb3 would win.} Rxb4 29. Nf3 $2 (29. Re1 $18 Qxd5 30. cxd5 Rxe1+ 31. Kg2) 29... Kh7 30. Bxe6 Qxe6 {The position is equal.} 31. Nxd4 Qc8 32. Qe2 {Black must now prevent Ne6.} Rxc4 {[%mdl 32768] Accuracy: White = 42%, Black = 38%. . Loss on time!?} 0-1

[Event "Bamberg-Open 2019"]
[Site "Bamberg"]
[Date "2019.05.29"]
[Round "1.23"]
[White "Wolf, Pablo"]
[Black "Delitzsch, Juergen"]
[Result "0-1"]
[WhiteElo "1976"]
[BlackElo "2175"]
[Annotator "ChessBase"]
[PlyCount "64"]
[EventDate "2019.05.12"]
[EventType "swiss"]
[EventCountry "GER"]
[SourceTitle "playchess.com"]
[Source "ChessBase"]
[SourceQuality "1"]
[TimeControl "40/5400+30:900+30"]

1. e4 {[%emt 0:00:00]} c5 {[%emt 0:00:00]} 2. Nc3 {[%emt 0:00:00]} Nc6 {[%emt 0:00:01]} 3. g3 {[%emt 0:00:00]} g6 {[%emt 0:00:05]} 4. Bg2 {[%emt 0:00:00]} Bg7 {[%emt 0:00:03]} 5. d3 {[%emt 0:00:05]} d6 {[%emt 0:00:09]} 6. Be3 {[%emt 0:00:41]} Rb8 {[%emt 0:00:40]} 7. Qd2 {[%emt 0:00:48]} b5 {[%emt 0:00:42]} 8. f4 {[%emt 0:00:39]} Nd4 {[%emt 0:04:17]} 9. Nd1 {[%emt 0:03:43]} Qb6 {[%emt 0:11:30]} 10. c3 {[%emt 0:00:24]} Nc6 {[%emt 0:00:03]} 11. Nf3 {[%emt 0:00:22]} Nf6 {[%emt 0:00:44]} 12. h3 {[%emt 0:01:41]} b4 {[%emt 0:07:52]} 13. O-O {[%emt 0:03:50]} bxc3 {[%emt 0:01:03]} 14. bxc3 {[%emt 0:00:35]} O-O {[%emt 0:00:28]} 15. Nf2 {[%emt 0:03:08]} Qa5 {[%emt 0:05:03]} 16. Rab1 {[%emt 0:02:20]} Rxb1 {[%emt 0:03:49]} 17. Rxb1 {[%emt 0:00:20]} Nh5 {[%emt 0:00:06]} 18. g4 {[%emt 0:02:48]} Bxc3 {[%emt 0:00:14]} 19. Qc2 {[%emt 0:00:27]} Ng7 {[%emt 0:00:43]} 20. Rc1 {[%emt 0:00:30]} Bb4 {[%emt 0:03:29]} 21. d4 {[%emt 0:04:57]} cxd4 {[%emt 0:06:02]} 22. Bxd4 {[%emt 0:03:16]} Nxd4 {[%emt 0:02:40]} 23. Nxd4 {[%emt 0:00:47]} Bd7 {[%emt 0:06:41]} 24. Nb3 {[%emt 0:03:28]} Qb6 {[%emt 0:07:52]} 25. Qc7 {[%emt 0:02:44]} Rd8 {[%emt 0:01:15]} 26. Qc2 {[%emt 0:04:48]} Ne6 {[%emt 0:07:34]} 27. f5 {[%emt 0:05:53]} Nf4 {[%emt 0:02:51]} 28. Qd1 {[%emt 0:00:53]} Qe3 {[%emt 0:05:37]} 29. Rc2 {[%emt 0:04:18]} Rc8 {[%emt 0:08:22]} 30. Rxc8+ {[%emt 0:08:54]} Bxc8 {[%emt 0:00:03]} 31. Qf3 {[%emt 0:02:31]} Qe1+ {[%emt 0:00:10]} 32. Bf1 {[%emt 0:00:07]} Ba6 {[%emt 0:02:13]} 0-1

[Event "Bamberg-Open 2019"]
[Site "Bamberg"]
[Date "2019.05.29"]
[Round "1.24"]
[White "Schmidt, Justus"]
[Black "von Wantoch, Markus"]
[Result "1/2-1/2"]
[WhiteElo "2153"]
[BlackElo "1971"]
[Annotator "TA"]
[PlyCount "65"]
[EventDate "2019.05.12"]
[EventType "swiss"]
[EventCountry "GER"]
[SourceTitle "playchess.com"]
[Source "ChessBase"]
[SourceQuality "1"]

{[%evp 13,65,20,35,35,53,22,28,21,21,20,22,-7,18,-4,0,-17,-8,-26,-18,-28,-33,-59,-37,-53,0,-11,-1,-18,-14,-39,-10,-22,-21,-18,-13,-19,-3,-5,-5,-20,0,-43,-41,-108,-121,-154,-47,-46,-49,-44,-10,-16,-8,-4]} 1. e4 d5 2. exd5 Nf6 3. Nc3 Nxd5 4. Bc4 e6 5. Qf3 c6 6. Nge2 Nd7 7. d4 Qf6 8. Qg3 {B02: Alekhine's Defence: Chase Variation and lines with early Nc3} Qg6 9. O-O Be7 10. Re1 {White has an edge.} (10. Qh3 {is more complex.} h5 11. Nxd5 exd5 12. Bd3 Nb6 13. Qe3) 10... Qxg3 11. hxg3 O-O 12. a3 b6 13. Ne4 Bb7 14. Bb3 $146 ({Predecessor:} 14. Ba2 c5 15. dxc5 Nxc5 16. Nxc5 Bxc5 {½-½ (49) Joerg,H (2340)-Schamberger,A Bayern 2001}) 14... c5 15. c3 Rac8 16. a4 Rfd8 17. dxc5 Nxc5 18. Nxc5 Rxc5 (18... bxc5 $15 19. Nf4 c4) 19. Nd4 Bf6 20. Nf3 h6 21. g4 g5 22. Bxd5 Rcxd5 23. Be3 e5 $36 {[%mdl 2048] Black is pushing.} 24. a5 Rb5 25. axb6 axb6 26. Re2 Bc8 27. Ra4 Be6 28. c4 ({White should play} 28. Rd2 $15 Rxd2 29. Nxd2) 28... Rb3 $17 29. Rc2 b5 (29... Bxg4 $17 {aiming for ...Kg7.} 30. Rd2 Bxf3 31. Rxd8+ Bxd8 32. gxf3 Kg7) 30. cxb5 $15 Rxb5 {[#] White must now prevent ...Bb3.} 31. Nd2 Rdb8 32. Ne4 Bg7 {And now ...Bb3 would win.} 33. Nc5 {Accuracy: White = 19%, Black = 44%.} 1/2-1/2

[Event "Bamberg-Open 2019"]
[Site "Bamberg"]
[Date "2019.05.29"]
[Round "1.25"]
[White "Noel, Nicolas"]
[Black "Berghof, Axel"]
[Result "0-1"]
[WhiteElo "1919"]
[BlackElo "2155"]
[Annotator "TA"]
[PlyCount "93"]
[EventDate "2019.05.12"]
[EventType "swiss"]
[EventCountry "GER"]
[SourceTitle "playchess.com"]
[Source "ChessBase"]
[SourceQuality "1"]

{[%evp 9,93,33,36,35,55,26,47,33,54,52,59,57,79,39,91,59,45,32,49,6,114,63,80,78,100,91,148,108,156,148,164,93,104,30,140,114,93,24,19,-231,-216,-491,-509,-486,-276,-289,-259,-245,-257,-332,-353,-337,-313,-363,-312,-332,-321,-316,-282,-350,-302,-310,-277,-281,-245,-372,-371,-410,-408,-551,-547,-597,-609,-579,-434,-380,-369,-615,-501,-871,-871,-1230,-1212,-1182,-970,-847]} 1. e4 c6 2. d4 d5 3. e5 g6 4. h3 (4. c4 Bg7 5. Nc3 Nh6 6. Nf3 O-O 7. h3 Na6 8. cxd5 cxd5 9. Bf4 Kh8 10. Qd2 Ng8 11. Be2 Nc7 12. O-O Ne6 {½-½ (46) Gumularz,S (2475)-Chernyshov,K (2500) Marianske Lazne 2019}) 4... c5 5. c3 Nc6 6. Nf3 {B12: Caro-Kann: Advance Variation} Bg7 $146 ({Predecessor:} 6... h5 7. Nbd2 cxd4 8. cxd4 Bf5 9. Nb3 e6 10. Be2 Be4 11. O-O Bxf3 12. Bxf3 Qb6 {0-1 (48) Pham,Q-Phan Hung,C Thua Thien Hue 2000}) 7. Bd3 cxd4 8. cxd4 {White is slightly better.} Nh6 9. Nc3 O-O 10. O-O Nf5 11. Bc2 Nb4 (11... Qb6 $14) 12. Bb3 {Threatens to win with a3.} e6 $1 13. Bf4 $36 {[%mdl 2048] White is more active.} Bd7 14. a3 Na6 (14... Nc6 $11) 15. Rc1 ({White should play} 15. Bc2 $16) 15... Rc8 $14 16. Qd2 Qb6 17. Ba2 Bb5 (17... f6 $142) 18. Rfd1 Nc7 19. Bb1 Bc4 20. g4 ({White should try} 20. Bg5 $18) 20... Ne7 $16 {[#]} 21. Bh6 (21. Bc2 $1 $16) 21... Ne8 (21... f5 $11 {keeps the balance.}) 22. Bxg7 Kxg7 23. Qg5 ({Better is} 23. h4 $16) 23... Nc6 $11 24. Qh4 $2 (24. Rd2 $11) 24... Qxb2 $19 25. Ng5 $2 (25. Qg5) 25... h6 {Strongly threatening ...Nxd4.} 26. Nf3 Qxa3 (26... Bb3 $142 27. Re1 Na5) 27. Qg3 Qe7 28. Nd2 Nxd4 29. Nxc4 Rxc4 30. Bd3 Rb4 31. f4 Rg8 32. Kh1 Nc6 33. Rg1 Nc7 34. Rce1 Qc5 35. Rc1 Qa5 36. f5 Rb3 37. f6+ (37. Ne2 $142) 37... Kh7 38. h4 d4 39. Ne2 Qd5+ 40. Kh2 Nxe5 41. Nf4 Rb2+ 42. Kh3 Qd6 43. Be4 $2 (43. h5 Nd5 44. hxg6+ Nxg6 45. Nxg6 Qxg3+ 46. Kxg3 fxg6 47. Rb1 Rxb1 48. Rxb1 Nxf6 49. Rxb7+ Rg7 50. Rb5) 43... Ne8 {Black is clearly winning.} 44. h5 (44. Nd3 $142 Nxd3 45. Bxd3) 44... Nxf6 {[%mdl 64] [#] Double Attack} 45. Nd3 Nxe4 46. Qxe5 Ng5+ 47. Kg3 {Accuracy: White = 25%, Black = 49%.} 0-1

[Event "Bamberg-Open 2019"]
[Site "Bamberg"]
[Date "2019.05.29"]
[Round "1.26"]
[White "Ammon, Tobias"]
[Black "Haasner, Tom"]
[Result "1/2-1/2"]
[WhiteElo "2151"]
[BlackElo "1963"]
[Annotator "TA"]
[PlyCount "52"]
[EventDate "2019.05.12"]
[EventType "swiss"]
[EventCountry "GER"]
[SourceTitle "playchess.com"]
[Source "ChessBase"]
[SourceQuality "1"]

{[%evp 9,52,3,105,12,18,14,21,7,80,41,201,203,237,222,272,263,364,366,353,359,455,444,444,327,376,361,361,350,366,343,307,337,312,320,394,352,434,274,342,164,149,58,56,0,0]} 1. e4 c5 2. Nf3 Nc6 3. c3 Nf6 4. e5 Nd5 5. d4 e6 {[#]} (5... d6 $11 {remains equal.}) 6. Bc4 {B22: Sicilian: 2 c3} (6. c4 $1 $16 {[%cal Rc4d5]} Ndb4 7. dxc5) 6... d6 (6... cxd4 7. cxd4 d6 8. O-O Be7 9. Bd2 O-O 10. Nc3 Nxc3 11. Bxc3 Qb6 12. a3 Bd7 13. Qd2 Rad8 14. Rfe1 dxe5 15. dxe5 Be8 16. Bd3 Bc5 {1-0 (43) Zhigalko,S (2604)-Hansen,E (2615) chess.com INT 2019}) 7. O-O Be7 8. Qe2 Nb6 (8... cxd4 $11 {keeps the balance.} 9. cxd4 dxe5) 9. Bb3 Bd7 $146 {[#]} ({Black should try} 9... cxd4 $14 10. cxd4 d5) ({Predecessor:} 9... O-O 10. Rd1 d5 11. Nbd2 cxd4 12. cxd4 Bd7 13. Nf1 Rc8 {½-½ (58) Nyrhinen,H (1972)-Rintakoski,P (1862) Finland 2017}) 10. exd6 $1 $18 Bxd6 11. d5 $1 Na5 12. dxe6 Bxe6 13. Bxe6 fxe6 14. Rd1 ({Less strong is} 14. Qxe6+ Qe7 $16) 14... Qd7 {[#]} 15. Bf4 $1 {[%mdl 576] Pin} Nc8 {If only Black now had time for ...0-0....} (15... Bxf4 16. Rxd7) 16. Ne5 Qa4 17. Qh5+ g6 18. Nxg6 $1 hxg6 19. Qxh8+ Kd7 {[%cal Ra4d1]} 20. Na3 Qxf4 21. g3 ({Weaker is} 21. Nb5 Nc4 $16) 21... Qa4 22. Rd2 Kc7 23. Rad1 Nc6 24. Qg7+ (24. Qf6 $142) 24... Be7 25. Qxg6 (25. f3 $16) 25... Ne5 $1 $14 {[%cal Re5g6]} 26. Qh5 ({White should play} 26. Qxe6 $14 Nf3+ {[%mdl 64] Double Attack} 27. Kg2 Nxd2 28. Rxd2) 26... Qe4 {Accuracy: White = 41%, Black = 36%.} 1/2-1/2